World Map with Some Extra Land - Statistics

General Stats
  • This quiz has been taken 266 times
  • The average score is 11 of 15
Answers on the Map
Answers color-coded by a green-red scale on the quiz's map according to % correct below.
 
Answer Stats
Answer % Correct
Russia
98%
Spain
97%
Madagascar
88%
North Korea
86%
India
85%
Somalia
85%
Argentina
78%
New Zealand
78%
Morocco
76%
Namibia
71%
Mexico
70%
Romania
66%
Taiwan
63%
Cuba
60%
Guyana
22%
No matching quizzes found
Score Distribution
Percent of People with Each Score
Percentile by Number Answered
Your Score History
You have not taken this quiz